| 000 | 00868nac a2200265 a 4500 | ||
|---|---|---|---|
| 003 | Co-PeBPM | ||
| 005 | 20240925230018.0 | ||
| 007 | ta | ||
| 008 | 240925s2007 ck a|||| |||| 00| 0 spa d | ||
| 020 | _a9788423339761 | ||
| 040 |
_aCo-PeBPM _bspa _cCo-PeBPM _erda |
||
| 041 | _aspa | ||
| 082 | 0 | 4 |
_a946 M671d _222 |
| 100 | 1 | 0 |
_aMir, Miquel _eautor |
| 245 | 1 | 0 |
_aDiario de un pistolero anarquista _c/ Miquel Mir |
| 260 |
_aBarcelona, España _b: Destino, _c2007 |
||
| 300 |
_a287 páginas, [14] páginas de láminas a color _bilustraciones a color _c24 centímetros |
||
| 490 |
_aColección imago mundi _v128 |
||
| 500 | _aIncluye índice | ||
| 504 | _aIncluye Bibliografía | ||
| 650 |
_a Anarquismo - Barcelona _y 1936-1939 |
||
| 651 | 1 | 4 |
_aBarcelona - Historia _y1936-1939 |
| 942 |
_2ddc _cBK _n0 |
||
| 999 |
_c59994 _d59994 |
||